The origins of the cold war

Guardat en:
Dades bibliogràfiques
Autors principals: Gardner, Lloyd C (Autor), Schlesinger, Arthur (Autor), Morgenthau, Hans J. (Autor)
Format: Llibre
Idioma:anglès
Publicat: Waltham Ginn-Blaisdell 1970
Col·lecció:The American Forum Series
Matèries:
Etiquetes: Afegir etiqueta
Sense etiquetes, Sigues el primer a etiquetar aquest registre!

MARC

LEADER 00000nam a2200000 a 4500
001 UCO7965
003 CL-VaPUC
008 001124e19700000US |||||||||||||||||eng|d
082 0 4 |a 327.16  |b GAR  |2 21 
100 0 |a Gardner, Lloyd C  |e author  |9 452758 
700 0 |a Schlesinger, Arthur  |e author  |9 452759 
700 |a Morgenthau, Hans J.  |e author  |9 452868 
245 1 4 |a The origins of the cold war 
300 |a 122 p 
942 |c BK 
945 |d 20001124 00:00:00  |a crobeson 
260 |a Waltham  |b Ginn-Blaisdell  |c 1970 
500 |a Donación del profesor Manfred Wilhelmy von Wolff 
650 0 |a Guerra Fría   |9 319648 
650 7 |a CONFLICTOS INTERNACIONALES  |2 CL-VaPUC  |9 334143 
650 0 |a Relaciones Internacionales  |9 255740 
650 0 |a Posguerra  |9 372262 
583 |a last modification  |c 20001124 00:00:00  |k Rodrigo Vera 
490 0 |a The American Forum Series 
999 |c 292778  |d 292776 
952 |0 0  |1 0  |4 0  |6 327_160000000000000_GAR_1970  |7 0  |8 A  |9 343850  |a BIBHIS  |b BIBHIS  |d 2019-11-20  |i 1229834  |l 1  |o 327.16 GAR 1970  |p 1229834  |r 2025-01-20  |s 2023-06-27  |w 2019-11-20  |y BK  |k HIS